LEADER 01438nam a2200313 a 4500 001 000000171400 003 CaOOAMICUS 005 20190412102553.0 008 190128s2018 it u000 u ita r 020 $a978-88-13-36615-5* 032 $aLibriCat 040 $aPUL$bita 082 04$a349.45 100 1 $aCirillo, Gianpiero Paolo,$d1954-$0(OLS)http://pul/name/110097 245 00$aSistema istituzionale di diritto comune /$cGiampiero Paolo Cirillo. 260 $aMilanofiori Assago :$bWolters Kluwer,$cİ2018$aPadova :$bCEDAM 300 $aXXI, 422 p.;$c24 cm 504 $aBibliografia in nota. 650 4$aDiritto comune.$0(OLS)http://pul/subject/9064 850 $aPUL 852 $aPUL$W1$xSL Diritto e Scienze Sociali 3$y79$m349. 45 CIRGI 1$j195091$qDDC 21$B199991$CPULBib$Z2$F199991 $H132144 $82 852 $aPUL$W1$xDP2 Diritto e Scienze Sociali 3$y110$m349. 45 CIRGI 1B$j195574$qDDC 21$B200449$CPULBib$Z2$F200449 $H132542 $82 941 1 $a9 996 $6020$a978-88-13-36615-5*$9(OLS)http://pul/number/165660 996 $6082$a349.45$9(OLS)http://pul/classification/1808 996 $6245$aSistema istituzionale di diritto comune$9(OLS)http://pul/title/212219 996 $6260$aMilanofiori Assago :$bWolters Kluwer$9(OLS)http://pul/publisher/81463 996 $6260$aPadova :$bCEDAM$9(OLS)http://pul/publisher/48126